000 01021nab a2200229 i 4500
001 768714001
003 CO-MdFUSB
005 20240531104549.0
008 240531t1975 ag ||||| |||| 00| 0 spa d
040 _bspa
_cCO-MdFUSB
_dCO-MdFUSB
041 _aspa
100 _aGrau, José
_d1931-2014
_eautor
245 _aNo seas sabio con exceso
_c/ José Grau
520 _aReflexiones a partir de l siguiente versículo "No seas demasiado justo, ni seas sabio con exceso; ¿por qué habrás de destruirte?" (Eclesiastés 7:16) No podemos darnos el lujo de pensar poco. Este lujo tiene un precio demasiado terrible: la pérdida de la libertad.
650 7 _aSabiduría
_9107
650 0 _a Libertad
_91103
650 2 _aPensamiento religioso
_9959
650 7 _aHermenéutica bíblica
_97333
773 0 _069974
_982717
_dBuenos Aires
_oR2609
_tCerteza
_w(CO-MdFUSB)768714001
_gNúmero 59, (julio - septiembre, 1975) páginas: 86 - 88
_qpágina: 86
942 _cANA
945 _aCatherine Arias Álvarez - Practicante SENA
999 _c70022
_d70022